Movie Quotes by Genre: Fantasy - Statistics

General Stats
  • This quiz has been taken 37 times
  • The average score is 8 of 50
Answer Stats
Year Quote Answer % Correct
1953 There it is, Wendy; second star to the right and straight on till morning. Peter Pan
69%
1971 No other factory in the world mixes its chocolate by waterfall. But it's the only way if you want it just right. Willy Wonka & the Chocolate Factory
65%
1939 Toto, I've a feeling we're not in Kansas any more. The Wizard of Oz
62%
1984 Having a luck dragon with you is the only way to go on a quest. The Neverending Story
50%
1986 You're him, aren't you? You're the Goblin King! I want my brother back, please, if it's all the same. Labyrinth
46%
1940 A lie keeps growing and growing until it's as plain as the nose on your face. Pinocchio
35%
1967 Man village? They'll ruin him. They'll make a man out of him. The Jungle Book
35%
1984 Don't cross the streams. Big
27%
1986 There can be only one. Highlander
27%
1933 Oh, no, it wasn't airplanes. It was beauty killed the beast. King Kong
27%
2001 We can stay up late, swapping manly stories, and in the morning, I'm making waffles! Shrek
27%
1987 No. To the pain. The Princess Bride
27%
1951 I'm late. I'm late for a very important date. Alice in Wonderland
23%
1954 All animals are equal, but some animals are more equal than others. Animal Farm
19%
1982 There comes a time, thief, when the jewels cease to sparkle, when the gold loses its luster, when the throne room becomes a prison, and all that is left is a father's love for his child. Conan the Barbarian
19%
2007 What do stars do? They shine. Stardust
19%
1988 I'm not bad. I'm just drawn that way. Who Framed Roger Rabbit
19%
1992 Hey, it's only an eternity of servitude. This is love! Al, you're not gonna find another girl like her in a million years. Believe me, I know. I've looked. Aladdin
15%
1990 I know it is a little early for Christmas, Edward, but; I have a present for you. Edward Scissorhands
15%
1997 Even if all the trees grow back, it won't be his forest anymore. The Forest Spirit is dead. Princess Mononoke
15%
2009 My master made me this collar. He is a good and smart master and he made me this collar so that I may speak. Squirrel! Up
15%
2003 They say when you meet the love of your life, time stops, and that's true. What they don't tell you is that when it starts again, it moves extra fast to catch up. Big Fish
12%
1986 We really shook the pillars of heaven, didn't we, Wang? Big Trouble in Little China
12%
1981 Let loose the Kraken! Clash of the Titans
12%
1984 Who ya gonna call? Ghostbusters
12%
1984 But the most important rule, the rule you can never forget, no matter how much he cries, no matter how much he begs, never feed him after midnight. Gremlins
12%
1993 This is one time where television really fails to capture the true excitement of a large squirrel predicting the weather. Groundhog Day
12%
1985 Do you know that hawks and wolves mate for life? The Bishop didn't even leave us that... not even that. Ladyhawke
12%
1982 I wish I'd never heard of this shard! The Dark Crystal
12%
2016 So you're the guy with the case full of monsters, huh? Fantastic Beasts and Where to Find Them
8%
1946 Look, Daddy. Teacher says, every time a bell rings an angel gets his wings. It's a Wonderful Life
8%
2006 You're getting older, and you'll see that life isn't like your fairy tales. The world is a cruel place. And you'll learn that, even if it hurts. Pan's Labyrinth
8%
1951 Well, then, I'll just swallow this and be tortured by a legion of hobgoblins, all of my own creation! It's all humbug, I tell you, humbug! A Christmas Carol
4%
2000 Without Green Destiny, you are nothing! Crouching Tiger, Hidden Dragon
4%
1996 Dreams die hard and you hold them in your hands long after they've turned to dust. Dragonheart
4%
2001 Now if you two don't mind, I'm going to bed before either of you come up with another clever idea to get us killed - or worse, expelled. Harry Potter and the Sorceror's Stone
4%
2017 Strengths: Fearless, speed, smoldering intensity. Jumanji: Welcome to the Jungle
4%
2017 I'm not competitive. I don't want an intricate, beautiful thing destroyed! The Shape of Water
4%
1981 Dead? No excuse for laying off work. Time Bandits
4%
1999 There is truth, and there are lies, and art always tells the truth. Even when it's lying. Being John Malkovich
0%
1981 A lottery! Barbaric. And in return, this dragon... it leaves your villages and crops unburned. Your king has made a pact with a monster! Dragonslayer
0%
1981 Now, once more, I must ride with my knights to defend what was, and the dream of what could be. Excalibur
0%
2021 If you can remember who you were, you will understand who you can become. Infinite
0%
1937 He died as peacefully as the passing of a cloud's shadow. His last words to me were, "I place in your hands, my son, the future and destiny of Shangri-La." Now you know why I can't leave. Lost Horizon
0%
1998 Well, we're safe for now. Thank goodness we're in a bowling alley. Pleasantville
0%
2010 You made me swallow my gum! That's going to be in my digestive tract for seven years! Scott Pilgrim vs. the World
0%
1988 And that was only one of the many occasions on which I met my death, an experience which I don't hesitate strongly to recommend. The Adventures of Baron Munchausen
0%
1995 Who stole the child's dreams? Krank, in his evil schemes. But the happy tale had a sting in it's tail. The genius has a fit of pique, hear the genius shriek, the "genius" is up a creek. The City of Lost Children FRENCH
0%
2008 It's funny how sometimes the people we remember the least make the greatest impression on us. The Curious Case of Benjamin Button
0%
2001 You shall not pass! The Lord of the Rings: The Fellowship of the Rings
0%
No matching quizzes found
Score Distribution
Percent of People with Each Score
Percentile by Number Answered
Your Score History
You have not taken this quiz